000 00333nam a22001457a 4500
003 SGT
020 _a818974731-2
082 _a615.19
_bRAO
100 _aRAO, DR. G. DEVALA
245 _aPRACTICAL MEDICINAL CHEMISTRY
260 _aINDIA
_bBIRLA PUB.
_c2025
300 _a160
650 _aMEDICINAL CHEMISTRY
942 _2ddc
_cBK
999 _c32926
_d32926